000 00611nam a2200157Ia 4500
008 231221s9999 xx 000 0 und d
022 _a0974-1054
041 _aEnglish
245 0 _aLinux For You (2004 -
260 _cOct, 2012
_bEFYGroup
300 _cJN26634
510 _aDVD : Open sSUSE 12.2 A linux based complete operating sysem that can be used across a range of desktops and servers.The new version 3.4 and accelerated functions in glibc and Qt.to provide users with a more fluid and responsive desktop.
650 _aComputer Science
650 _aLinux,(2004,-,Computer Science
942 _cCD
999 _c215424
_d215424